Rice enrichment in the Philippines /

Bibliographic Details
Main Author: Aalsmeer, W. C.
Format: Book
Language:English
Published: Rome : Food and Agriculture Organization of the United Nations, 1954.
Series:FAO nutritional studies ; no. 12.
Subjects:

MARC

Tag First Indicator Second Indicator Subfields
LEADER 00000cam a2200000 4500
001 in00000094843
005 20150927110552.0
008 780922s1954 it b i00000 eng
010 |a  55002424  
035 |a (OCoLC)04245238 
035 |9 AAL6719AM 
040 |a DLC  |c VTU  |d TXA  |d UtOrBLW 
049 |a TXAM  |c [321763] 
082 0 |a 641.13 
090 |a TX341  |b .F68 no. 12 
100 1 |a Aalsmeer, W. C. 
245 1 0 |a Rice enrichment in the Philippines /  |c by W.C. Aalsmee [and others]. 
264 1 |a Rome :  |b Food and Agriculture Organization of the United Nations,  |c 1954. 
300 |a v, 109 pages :  |b tables. ;  |c 23 cm. 
336 |a text  |b txt  |2 rdacontent 
337 |a unmediated  |b n  |2 rdamedia 
338 |a volume  |b nc  |2 rdacarrier 
490 1 |a FAO nutritional studies, no. 12 
504 |a Bibliography : pages 69-71. 
650 0 |a Rice. 
650 0 |a Enriched foods. 
830 0 |a FAO nutritional studies ;  |v no. 12. 
999 |a MARS 
999 f f |s 67dfe3b6-d792-3401-aba9-e133bf25ec86  |i 40c4b9c7-3c27-3285-8582-82bf66476d63  |t 0 
952 f f |p normal  |a Texas A&M University  |b College Station  |c Sterling C. Evans Library  |d Evans: Library Stacks  |t 0  |e TX341 .F68 no.9-14  |h Library of Congress classification  |i unmediated -- volume  |m A14805669945 
952 f f |a Texas A&M University  |b College Station  |c Sterling C. Evans Library  |d Evans: Library Stacks  |t 0  |e TX341 .F68 no.9-14  |h Library of Congress classification 
998 f f |a TX341 .F68 no.9-14  |t 0  |l Evans: Library Stacks